000 01390nam0a22002891 4500
001 rc\3484521
005 20260408094330.0
021 _aRU
_b72-56632
021 _aRU
_bРг13543-72
035 _a(NLR Aleph) 007603765
090 _a5742724
_c5742724
100 _a20130115d1972 |||y0rusy50 ca
101 0 _arus
102 _aRU
105 _ay z |||||
200 1 _aМетодические основы стационарных и экспедиционных гидрологических исследований болот
_fОрганизация Объед. Наций по вопросам образования, науки и культуры. Междунар. симпозиум по гидрологии заболоч. территорий. [Минск]. 17-24 июля, 1972
210 _aМинск
_cБ. и.
_d1972
215 _a8 с.
_d24
320 _aБиблиогр.: с. 8
700 1 _7ca
_8rus
_aНовиков
_bС. М.
_cканд. техн. наук, гидрология
_gСергей Михайлович
_965103
_3RU\NLR\AUTH\7782175
712 1 2 _aМеждународный симпозиум по гидрологии заболоченных территорий
_eМинск
_f1972
_9355415
_3RU\NLR\AUTH\8810235122
801 0 _aRU
_bNLR
_gpsbo
801 1 _aRU
_bELAR
_2rusmarc
852 _aNLR
_j72-7/1628
942 _cBOOK
980 _aNB